LEADER 01102nam a2200265 u 4500 001 000000022568 003 CaOOAMICUS 005 20070226111135.0 008 950426s1973 be u000 u fre u 035 $a10566395 040 $aPUL(R)$bita 100 1 $aRigaux, Béda,$cO.F.M.,$d1899-$0(OLS)http://pul/name/19149 245 10$aDieu l'a ressuscité :$bexégèse et théologie biblique /$cBéda Rigaux ; préface de Mgr Albert Descamps. 260 $aGembloux :$bDuculot,$c1973. 300 $axii, 474 p. ;$c22 cm 490 1 $aStudii Biblici Franciscani analecta ;$v4 500 $aInclude indici. 504 $aBibliografia: p. [449]-457. 830 0$aStudii Biblici Franciscani analecta ;$v4.$0(OLS)http://pul/title/16146 850 $aPUL 852 $aPUL$W1$xSL Religione 1$y3$m9 F 46$j31665$nBK-PRI$b $qStampati$B31665$CPULBib$Z2$F31665 $H $81 941 1 $a8 961 $aINV: 41139 996 $6245$aDieu l'a ressuscité :$bexégèse et théologie biblique$9(OLS)http://pul/title/31449 996 $6260$aGembloux :$bDuculot$9(OLS)http://pul/publisher/54514 LEADER 01694nam a2200361 u 4500 001 000000066250 003 CaOOAMICUS 005 20070226121544.0 008 020109s1998 gb u000 u eng u 020 $a0521307635(v. 1) 020 $a0521572339(v. 2) 035 $a10915838 040 $aPUL(R)$bita 245 04$aThe Cambridge history of Seventeenth-Century Philosophy /$cedited by Daniel Garber ... Michael Ayers ... ; with the assistace of Roger Ariew and Alan Gabey. 260 $aCambridge :$bCambridge University Press,$c1998. 300 $a2 v. ;$c23 cm 500 $aIncludes indexes. 504 $aBibliografia: p. 1472-1586 (vol. 2). 650 0$aFilosofia$ySec. XVI$xStoria.$2//eng$0(OLS)http://pul/subject/24166 700 1 $aGarber, Daniel.$0(OLS)http://pul/name/44433 700 1 $aGabbey, Alan.$0(OLS)http://pul/name/44436 700 1 $aAriew, Roger.$0(OLS)http://pul/name/44435 700 1 $aAyers, Michael.$0(OLS)http://pul/name/44434 850 $aPUL 852 $aPUL$W1$xSL Filosofia 1$y2$m84 L 104-105$j85652$nBK-PRI$b $qStampati$B85652$CPULBib$Z2$F85652 $H $81 852 $aPUL$W1$xSL Filosofia 1$y2$m84 L 104-105$j85652$nBK-PRI$b $qStampati$B85653$CPULBib$Z2$F85653 $H $81 941 1 $a8 961 $aINV: 80163-80163 961 $aINV: 80163-80163 996 $6020$a0521307635(v. 1)$9(OLS)http://pul/number/85937 996 $6020$a0521572339(v. 2)$9(OLS)http://pul/number/85938 996 $6245$aThe Cambridge history of Seventeenth-Century Philosophy$9(OLS)http://pul/title/87988 996 $6260$aCambridge :$bCambridge University Press$9(OLS)http://pul/publisher/50125 LEADER 01384cam a2200313 a 4500 001 000000133397 003 CaOOAMICUS 005 20130408105513.0 008 130408s2013 it 0000u ita r 020 $a978-88-598-0912-8 040 $aPUL$bita 082 04$a347.45 100 1 $aCataldi, Michele.$0(OLS)http://pul/name/67922 245 13$aIl procedimento sommario di cognizione :$bex artt. 702 bis ss. c.p.c. e d.lg. 1.9.2011, n. 150 /$cMichele Cataldi. 260 $aTorino :$bUTET Giuridica,$c©2013. 300 $aXXIV, 234 p. ;$c25 cm. 490 1 $aModelli e tecniche dei processi civili 500 $aInclude indice. 504 $aBibliografia in nota. 650 4$aProcedura civile$zItalia.$0(OLS)http://pul/subject/14566 830 0$aModelli e tecniche dei processi civili.$0(OLS)http://pul/title/154812 850 $aPUL 852 $aPUL$W1$xSL Diritto e Scienze Sociali 3$y79$m347. 45 CATMI 1$j153309$qDDC 21$B152868$CPULBib$Z2$F152868 $H122086 $82 941 1 $a9 996 $6020$a978-88-598-0912-8$9(OLS)http://pul/number/152287 996 $6082$a347.45$9(OLS)http://pul/classification/384 996 $6245$aIl procedimento sommario di cognizione :$bex artt. 702 bis ss. c.p.c. e d.lg. 1.9.2011, n. 150$9(OLS)http://pul/title/168572 996 $6260$aTorino :$bUTET Giuridica$9(OLS)http://pul/publisher/79191 LEADER 01318nam a2200313 u 4500 001 000000078503 003 CaOOAMICUS 005 20070226123433.0 008 040503s1998 gau u000 u eng u 020 $a0788504436 020 $a0788506250 (pbk.) 035 $a10992987 040 $aPUL$bita 100 1 $aZevit, Ziony.$0(OLS)http://pul/name/52266 245 14$aThe anterior construction in classical Hebrew /$cZiony Zevit. 260 $aAtlanta :$bScholars Press,$cc1998. 300 $a94 p. ;$c24 cm 490 1 $aSociety of Biblical Literature monograph series ;$vn. 50 500 $aComprende indici. 504 $aBibliografia: p. [73]-82. 650 4$aLingua ebraica biblica$xSintassi.$0(OLS)http://pul/subject/2993 830 0$aSociety of biblical literature. Monograph series ;$vn. 50.$0(OLS)http://pul/title/104445 850 $aPUL 852 $aPUL$W1$xSL Religione 1$y3$m5 P 1.50$j100673$nBK-PRI$b $qStampati$B100673$CPULBib$Z2$F100673 $HPUL90831 $81 941 1 $a8 996 $6020$a0788504436$9(OLS)http://pul/number/102905 996 $6020$a0788506250 (pbk.)$9(OLS)http://pul/number/102906 996 $6245$aThe anterior construction in classical Hebrew$9(OLS)http://pul/title/102846 996 $6260$aAtlanta :$bScholars Press$9(OLS)http://pul/publisher/52385 LEADER 01907nam a2200325 a 4500 001 000000139423 003 CaOOAMICUS 005 20150417144837.0 008 140724s1980 it aef u000 u ita r 040 $aPUL$bita 041 0 $aita$afre$aeng$ager 110 2 $aUniversità cattolica del Sacro Cuore. Sede di Milano.$bCentro di studi medioevali.$bSettimana internazionale di studio$n(7 :$d1977 :$cMendola).$0(OLS)http://pul/name/89900 245 10$aIstituzioni monastiche e istituzioni canonicali in Occidente (1123-1215) :$batti della settima Settimana internazionale di studio: Mendola, 28 agosto-3 settembre 1977. 260 $aMilano :$bVita e pensiero,$c©1980. 300 $aXV, 807 p., [8] c. di tav.$bill., piante$c24 cm 490 1 $aPubblicazioni della Università cattolica del Sacro Cuore.$aMiscellanea del Centro di studi medioevali ;$v09 500 $aInclude indici. 504 $aBibliografia in nota. 546 $aTesti in italiano, francese, inglese e tedesco. 650 4$aMonachesimo$ySec. XIII.$0(OLS)http://pul/subject/40677 830 0$aPubblicazioni della Università cattolica del Sacro Cuore.$pMiscellanea del Centro di studi medioevali ;$v09.$0(OLS)http://pul/title/14607 850 $aPUL 852 $aPUL$W1$xDP2 Diritto Canonico 1$y64$m167 D 12.9$j161056$qStampati$B160505$CPULBib$Z2$F160505 $H48356 $82 852 $aPUL$W1$xDP1 Fondo Capitani$y116$m11 A 17.9$j164827$qFondi$B165112$CPULBib$Z2$F165112 $HCap2721 $82 941 1 $a1 941 1 $a8 961 $aNota ms. di possesso : Capitani 996 $6245$aIstituzioni monastiche e istituzioni canonicali in Occidente (1123-1215) :$batti della settima Settimana internazionale di studio: Mendola, 28 agosto-3 settembre 1977$9(OLS)http://pul/title/176503 996 $6260$aMilano :$bVita e pensiero$9(OLS)http://pul/publisher/48016 LEADER 01382nam a2200325 a 4500 001 000000170316 003 CaOOAMICUS 005 20181106105910.0 008 181106s2017 it u000 u ita r 020 $a978-88-94900-06-4* 032 $aLibriCat 040 $aPUL$bita 082 04$a121 100 1 $aCovino, Giovanni.$0(OLS)http://pul/name/85193 245 13$aIl senso morale :$bavviamento allo studio dell'etica filosofica /$cGiovanni Covino ; introduzione epistemologica di Antonio Livi. 260 $aRoma :$bLeonardo da Vinci,$c©2017. 300 $a148 p. ;$c24 cm. 490 1 $aPropedeutica filosofica ;$v11 504 $aBibliografia in nota. 650 4$aEtica filosofica.$0(OLS)http://pul/subject/39433 700 1 $aLivi, Antonio,$d1937-$0(OLS)http://pul/name/10769 830 0$aPropedeutica filosofica ;$v11.$0(OLS)http://pul/title/132812 850 $aPUL 852 $aPUL$W1$xSL Filosofia 3$y81$m170 LIVAN 1$j193223$qDDC 21$B198586$CPULBib$Z2$F198586 $H131551 $81 941 1 $a9 996 $6020$a978-88-94900-06-4*$9(OLS)http://pul/number/165187 996 $6082$a121$9(OLS)http://pul/classification/133 996 $6245$aIl senso morale :$bavviamento allo studio dell'etica filosofica$9(OLS)http://pul/title/211052 996 $6260$aRoma :$bLeonardo da Vinci$9(OLS)http://pul/publisher/51778 LEADER 01366nam a2200313 u 4500 001 000000047711 003 CaOOAMICUS 005 20070226114921.0 008 000118s1999 it e u000 u ita u 020 $a8821304221 035 $a10839266 040 $aIPA$bita 100 1 $aRosso, Stefano.$0(OLS)http://pul/name/2570 245 13$aUn popolo di sacerdoti :$bsaggio di liturgia fondamentale /$cStefano Rosso. 260 $aRoma :$bLAS,$c1999. 300 $a396 p., [10] c. di tav. :$bpiante ;$c25 cm 490 1 $aBiblioteca di scienze religiose (Libreria Ateneo salesiano) ;$v155 500 $aComprende riferimenti bibliografici. 650 4$aLiturgia.$0(OLS)http://pul/subject/2437 830 0$aBiblioteca di scienze religiose (Libreria Ateneo salesiano) ;$v155.$0(OLS)http://pul/title/491 850 $aPUL 852 $aPUL$W1$xSL Religione 2$y84$mTheol A3 155$j63716$nBK-PRI$b $qStampati altre collocazioni$B63716$CPULBib$Z2$F63716 $H $81 941 1 $a10 961 $aINV: 83342 983 0$aNuova biblioteca di scienze religiose. 983 0$aBiblioteca di scienze religiose (LAS) 996 $6020$a8821304221$9(OLS)http://pul/number/59693 996 $6245$aUn popolo di sacerdoti :$bsaggio di liturgia fondamentale$9(OLS)http://pul/title/64238 996 $6260$aRoma :$bLAS$9(OLS)http://pul/publisher/48069